书目信息 |
| 题名: |
几何证题术
|
|
| 作者: | 王博文 著 | |
| 分册: | ||
| 出版信息: | 郑州 河南人民出版社 1981 |
|
| 页数: | 624页 | |
| 开本: | 19cm | |
| 丛书名: | ||
| 单 册: | ||
| 中图分类: | O123-44 , G633.6 | |
| 科图分类: | ||
| 主题词: | 初等几何--解题 , 各级 , 教育 | |
| 电子资源: | ||
| ISBN: | ||
| 000 | 00698nam0 2200277 45 | |
| 001 | 0180005069 | |
| 005 | 20061107081141.60 | |
| 010 | @dCNY1.43 | |
| 091 | @a7088.860 | |
| 100 | @a19950628d1981 demy0chiy0121 ea | |
| 101 | 0 | @achi |
| 102 | @aCN@b410000 | |
| 105 | @ay q 000yy | |
| 106 | @ar | |
| 200 | 10 | @a几何证题术@Aji he zheng ti shu@f王博文著@Fwang bo wen zhu |
| 210 | @a郑州@c河南人民出版社@d1981 | |
| 215 | @a624页@d19cm | |
| 606 | @a初等几何@x解题 | |
| 606 | 0 | @x各级 |
| 606 | 0 | @a教育 |
| 690 | @aO123-44@v3 | |
| 690 | @aG633.6 | |
| 701 | 0 | @a王博文@Awang bo wen@4著 |
| 801 | 0 | @aCN@b上海图书馆@c20061107 |
| 801 | 2 | @aCN@bNLC@c20030106 |
| 905 | @f1@b209609@dG633.6@e144 | |
| 几何证题术/王博文著.-郑州:河南人民出版社,1981 |
| 624页;19cm |
| ISBN :CNY1.43 |
| ● |
| 相关链接 |
|
|
|
|
正题名:几何证题术
索取号:G633.6/144
 
预约/预借
| 序号 | 登录号 | 条形码 | 馆藏地/架位号 | 状态 | 备注 |
| 1 | 0209609 | 000241054 | 密集书库/ [索取号:G633.6/144] | 在馆 | |
| 2 | 0209610 | 000241125 | 第一样本阅览室/ [索取号:G633.6/144] | 在馆 |